Χώρες που αρχίζουν από Τ - Statistics

General Stats
  • This quiz has been taken 1 693 times
  • The average score is 10 of 15
Answer Stats
Απάντηση % Correct
Τουρκία
94%
Τουρκμενιστάν
87%
Ταϊλάνδη
84%
Τατζικιστάν
82%
Τυνησία
80%
Τανζανία
74%
Ταϊβάν
73%
Τσεχία
72%
Τουβαλού
65%
Τόγκο
64%
Τόνγκα
60%
Τσαντ
60%
Τζαμάικα
52%
Τζιμπουτί
52%
Τρινιδάδ και Τομπάγκο
37%
No matching quizzes found
Score Distribution
Percent of People with Each Score
Percentile by Number Answered
Your Score History
You have not taken this quiz